Taylor Swift - Paroles Eldest Daughter - Statistiques

Statistiques générales
  • Ce quiz a été pris 29 fois
    24 depuis la dernière actualisation
  • Le résultat moyen est 330 sur 358
Statistiques - réponses
Hint Réponse % Correct
a
100%
A
100%
(Ah)
100%
(Ah,
100%
ah)
100%
and
100%
And
100%
bad
100%
bitch,
100%
bitch
100%
Refrain But
100%
daughter
100%
eldest
100%
Every
100%
gonna
100%
I
100%
I'm
100%
in
100%
is
100%
isn't
100%
leave
100%
let
100%
never
100%
(never
100%
Outro Never
100%
not
100%
now,
100%
now
100%
on
100%
On
100%
(Ooh)
100%
savage
100%
so
100%
So
100%
that
100%
That
100%
the
100%
this
100%
time
100%
to
100%
was
100%
Was
100%
you
100%
Couplet 2 You
100%
your
100%
back
94%
down
94%
first
94%
lie
94%
many
94%
traitors,
94%
up
94%
we
94%
Bridge We
94%
all
89%
as
89%
beautiful,
89%
beautiful
89%
been
89%
break
89%
by
89%
'Cause
89%
dressed
89%
felt
89%
have
89%
home
89%
I've
89%
know,
89%
lapse
89%
last
89%
out
89%
said
89%
slaughter
89%
smooth
89%
They
89%
things
89%
were
89%
When
89%
when
89%
you're
89%
8
83%
9
83%
about
83%
backyard
83%
believe
83%
child
83%
cool
83%
crush
83%
don't
83%
Couplet 1 Everybody's
83%
fell
83%
find
83%
fire
83%
hard
83%
I'd
83%
internet
83%
it
83%
just
83%
kind
83%
marriage,
83%
me,
83%
must've
83%
my
83%
night
83%
off
83%
operators
83%
or
83%
seem
83%
somebody's
83%
thought
83%
trampoline
83%
trying
83%
vow
83%
vow)
83%
wild
83%
wolves
83%
young
83%
youngest
83%
afflicted
78%
arm
78%
broke
78%
busy,
78%
crushes
78%
dumb
78%
dying
78%
from
78%
lamb
78%
laughed
78%
life
78%
Like
78%
looked
78%
raised
78%
Sad
78%
seems,
78%
Shimmers
78%
something
78%
soon,
78%
terminal
78%
trolling
78%
uniqueness
78%
kisses,
72%
learned
72%
lilacs
72%
memes
72%
single
72%
take
72%
they're
72%
'til
72%
cautious
67%
cold
67%
comments
67%
found
67%
hot
67%
innocent
67%
Pretty
67%
punk
67%
unbothered
67%
apathy
61%
discretion
61%
ice
61%
joke's
61%
wheels,
56%
Ferris
50%
light
44%
cutthroat
39%
Aucun quiz correspondant
Distribution des résultats
% des personnes avec chaque résultat
Percentile par nombre de réponses
Votre historique - résultats
Vous n’avez pas pris ce quiz depuis la dernière actualisation